00898nam a2200253Ia 4500003000400000005001700004008004100021020001800062040001800080041000800098082002100106100003000127245004600157250001200203260006700215300003200282650004100314650003000355650004500385650003700430942003000467999001900497952012800516OSt20240429145815.0210716s2006 xx 000 0 und d a9788184041606 cAIMIT LIBRARY aeng a005.72 21bKORJ aKorpela, Jukka K.9162518 aUnicode explained /cby Jukka K. Korpela. a1st ed. aMumbai :bShroff Publishers and Distributors Pvt Ltd ,c2006. axvii,658,13 p.;bPBc24 cm. aCharacter sets and encodings9162519 aUnicode encodings9162520 aCharacters in internet protocols9162521 aCharacters and languages9162522 2ddccBKe1stk005.72 KORJ c188410d188410 001040708MCAaAIMITbAIMITeAthulya Booksg525.00l0o005.72 KORJpMCA07918r2026-05-23 00:00:00v420.00w2021-07-16yBK